LEADER 00968nam0-2200337---450- 001 990008556440403321 005 20071218075100.0 010 $a88-464-4341-1 035 $a000855644 035 $aFED01000855644 035 $a(Aleph)000855644FED01 035 $a000855644 100 $a20070928d2002----km-y0itay50------ba 101 0 $aita 102 $aIT 105 $ay-------001yy 200 1 $a<>valutazione dei servizi di orientamento$fa cura di Regina Botticelli, Domenico Paparella 210 $aMilano$cFrancoAngeli$d2002 215 $a175 p.$d23 cm 225 1 $aCesos$v5 610 0 $aOrientamento professionale 676 $a371.425$v19$zita 702 1$aBotticelli,$bRegina 702 1$aPaparella,$bDomenico 801 0$aIT$bUNINA$gRICA$2UNIMARC 901 $aBK 912 $a990008556440403321 952 $aCollez. 1398 (5)$b40077$fFSPBC 959 $aFSPBC 996 $aValutazione dei servizi di orientamento$9167981 997 $aUNINA LEADER 02837nam 2200613 a 450 001 9910457839703321 005 20200520144314.0 010 $a1-58901-803-6 035 $a(CKB)2550000000088202 035 $a(EBL)877175 035 $a(OCoLC)778431723 035 $a(SSID)ssj0000570489 035 $a(PQKBManifestationID)11364040 035 $a(PQKBTitleCode)TC0000570489 035 $a(PQKBWorkID)10593007 035 $a(PQKB)10439227 035 $a(MiAaPQ)EBC877175 035 $a(MdBmJHUP)muse894 035 $a(Au-PeEL)EBL877175 035 $a(CaPaEBR)ebr10521492 035 $a(EXLCZ)992550000000088202 100 $a20110223d2011 uy 0 101 0 $aeng 135 $aur|n|---||||| 181 $ctxt 182 $cc 183 $acr 200 00$aCommunicating the word$b[electronic resource] $erevelation, translation, and interpretation in Christianity and Islam : a record of the seventh Building Bridges seminar convened by the Archbishop of Canterbury Rome, May 2008 /$fDavid Marshall, editor 210 $aWashington, D.C. $cGeorgetown University Press$d2011 215 $a1 online resource (205 p.) 300 $aDescription based upon print version of record. 311 $a1-58901-784-6 320 $aIncludes bibliographical references and index. 327 $apt 1. Particularity, universality, and finality in revelation -- pt. 2. Translating the word? -- pt. 3. Methods and authority in interpretation. 330 $aCommunicating the Word is a record of the 2008 Building Bridges seminar, an annual dialogue between leading Christian and Muslim scholars convened by the Archbishop of Canterbury. Featuring the insights of internationally known Christian and Muslim scholars, the essays collected here focus attention on key scriptural texts but also engage with both classical and contemporary Islamic and Christian thought. Issues addressed include, among others, the different ways in which Christians and Muslims think of their scriptures as the ""Word of God,"" the possibilities and challenges of translating sc 606 $aIslam$xRelations$xChristianity$vCongresses 606 $aChristianity and other religions$xIslam$vCongresses 606 $aRevelation$xIslam$vCongresses 606 $aRevelation$xChristianity$vCongresses 608 $aElectronic books. 615 0$aIslam$xRelations$xChristianity 615 0$aChristianity and other religions$xIslam 615 0$aRevelation$xIslam 615 0$aRevelation$xChristianity 676 $a261.2/7 701 $aMarshall$b David$f1963-$0956683 712 12$aBuilding Bridges Seminar$d(7th :$f2008 :$eRome, Italy) 801 0$bMiAaPQ 801 1$bMiAaPQ 801 2$bMiAaPQ 906 $aBOOK 912 $a9910457839703321 996 $aCommunicating the word$92166414 997 $aUNINA LEADER 02808nam 2200613 450 001 9910788293503321 005 20230424222651.0 010 $a1-4422-3852-6 035 $a(CKB)2670000000615627 035 $a(EBL)2046408 035 $a(SSID)ssj0001481794 035 $a(PQKBManifestationID)12613657 035 $a(PQKBTitleCode)TC0001481794 035 $a(PQKBWorkID)11507923 035 $a(PQKB)11417490 035 $a(MiAaPQ)EBC2046408 035 $a(EXLCZ)992670000000615627 100 $a20150521h20152015 uy 0 101 0 $aeng 135 $aur|||---||||| 181 $ctxt$2rdacontent 182 $cc$2rdamedia 183 $acr$2rdacarrier 200 00$aEducational programs $einnovative practices for archives and special collections /$feditor, Kate Theimer 210 1$aLanham, Md. :$cRowman & Littlefield,$d2015. 210 4$d©2015 215 $a1 online resource (xi, 195 pages) 225 1 $aInnovative Practices for Archives and Special Collections 300 $aIncludes index. 311 0 $a1-4422-3853-4 311 0 $a1-4422-4952-8 327 $aContents; Introduction; Chapter One: Tablet and Codex, Side by Side; Chapter Two: Fells, Fans, and Fame; Chapter Three: Student Curators in the Archives; Chapter Four: A Win for All; Chapter Five: "The Archive" as Theory and Reality; Chapter Six: Make Way for Learning; Chapter Seven: Archivists Teaching Teachers; Chapter Eight: Animating Archives; Chapter Nine: "A Certain Kind of Seduction"; Chapter Ten: Not Just for Students; Chapter Eleven: Web Archiving as Gateway; Chapter Twelve: Evocative Objects; Chapter Thirteen: Documenting and Sharing Instruction Practices; Index; About the Editor 330 $aEducational Programs: Innovative Practices for Archives and Special Collections explores how archivists and special collections librarians in organizations of different sizes and types have approached the challenges in creating effective educational programs to prepare the next generation of researchers and advocates for archives. 410 0$aInnovative practices for archives and special collections. 606 $aArchives and education 606 $aArchives$xPublic relations 606 $aLibraries$xSpecial collections 606 $aLibraries and education 606 $aLibraries$xPublic relations 615 0$aArchives and education. 615 0$aArchives$xPublic relations. 615 0$aLibraries$xSpecial collections. 615 0$aLibraries and education. 615 0$aLibraries$xPublic relations. 676 $a021.7 702 $aTheimer$b Kate$f1966- 801 0$bMiAaPQ 801 1$bMiAaPQ 801 2$bMiAaPQ 801 2$bCaOLH 906 $aBOOK 912 $a9910788293503321 996 $aEducational programs$93855516 997 $aUNINA LEADER 03912nam 22005415 450 001 9910369913303321 005 20251116212347.0 010 $a3-658-26506-X 024 7 $a10.1007/978-3-658-26506-9 035 $a(CKB)4100000008160659 035 $a(MiAaPQ)EBC5772571 035 $a(DE-He213)978-3-658-26506-9 035 $a(PPN)259457124 035 $a(EXLCZ)994100000008160659 100 $a20190513d2020 u| 0 101 0 $aeng 135 $aurcnu|||||||| 181 $ctxt$2rdacontent 182 $cc$2rdamedia 183 $acr$2rdacarrier 200 10$aOrchestrating Local Climate Policy in the European Union $eInter?Municipal Coordination and the Covenant of Mayors in Germany and France /$fby Lena Bendlin 205 $a1st ed. 2020. 210 1$aWiesbaden :$cSpringer Fachmedien Wiesbaden :$cImprint: Springer VS,$d2020. 215 $a1 online resource (332 pages) 225 1 $aEnergiepolitik und Klimaschutz. Energy Policy and Climate Protection,$x2626-2827 311 08$a3-658-26505-1 327 $aLocal Governments in European Multi-Level Climate Governance -- Theorizing Orchestration in European Climate Governance -- Case Study Approach to Research -- Inter-Municipal Coordination in European Local Climate Governance -- Analyzing Orchestration in the Covenant of Mayors. 330 $aCan we sidestep tedious climate policy negotiations and forge a coalition of the willing instead? Many international organizations and scholars hope to spur local climate action by orchestration, indirect and voluntary governance arrangements. Lena Bendlin looks beyond the apparent success of voluntary initiatives using the example of the Covenant of Mayors, often heralded as an exemplary multi-level EU initiative. Five in-depth case studies show why, how, and with what difficulties local governments engage in this voluntary commitment scheme. The analysis identifies durability, intensity, and causality as crucial building blocks for more cautious orchestration theorizing and derives recommendations for appropriate incentives and support at the regional, national, and international level. Contents Local Governments in European Multi-Level Climate Governance Theorizing Orchestration in European Climate Governance Case Study Approach to Research Inter-Municipal Coordination in European Local Climate Governance Analyzing Orchestration in the Covenant of Mayors Target Groups Scholars and master students of climate policy, international governance, orchestration theory, territorial governance, and comparative politics Politicians and public employees working on improved multi-level coordination, sustainable energy, and local climate action The Author Dr. Lena Bendlin, political scientist, studies transformation governance at the German Institute for Urban Affairs (Deutsches Institut für Urbanistik ? Difu) in Berlin. 410 0$aEnergiepolitik und Klimaschutz. Energy Policy and Climate Protection,$x2626-2827 606 $aComparative government 606 $aEnvironmental policy 606 $aComparative Politics$3https://scigraph.springernature.com/ontologies/product-market-codes/911040 606 $aEnvironmental Politics$3https://scigraph.springernature.com/ontologies/product-market-codes/U38000 607 $aEuropean Union countries$2fast 608 $aAcademic Dissertation. 608 $aAcademic theses.$2fast 608 $aAcademic theses.$2lcgft 608 $aThe?ses et e?crits acade?miques.$2rvmgf 615 0$aComparative government. 615 0$aEnvironmental policy. 615 14$aComparative Politics. 615 24$aEnvironmental Politics. 676 $a363.73874561094 700 $aBendlin$b Lena$4aut$4http://id.loc.gov/vocabulary/relators/aut$0860969 906 $aBOOK 912 $a9910369913303321 996 $aOrchestrating Local Climate Policy in the European Union$91921354 997 $aUNINA